000 00800nam a2200265 a 4500
008
020 _a0750650966 (pbk.)
049 _aMAIN
090 _aTJ163.3
100 1 _aBeggs, Clive.
245 1 0 _aEnergy :
_bmanagement, supply and conservation /
_cClive Beggs.
260 _aOxford :
_bButterworth-Heinemann,
_c2002.
300 _aix, 284 p. :
_bill. ;
_c25 cm.
504 _aIncludes bibliographical references.
500 _aIncludes index.
650 0 _aEnergy conservation.
650 0 _aEnergy consumption.
650 0 _aBuildings
_xEnergy conservation.
650 0 _aBuildings
_xEnergy consumption.
907 _a.b10132673
_b19-08-04
_c13-08-04
003
005 20230123133807.0
040 _cNUST
942 _cBOOKS
_kTJ163.3
999 _c154749
_d154749